1789 1617 1985 1375 1545 1341 1025 1487 1514 1133 1652 1704 1485 1495 1022 1063 1725 1638 1980 1366 1435 1371 1059 1577 1916 1138 1315 1468 1637 1046 1426 1471 1790 1862 1122 1294 1935 1018 1524 1567 1306 1007 1548 1421 1440 1844 1577 1016 1423 1135 1105 1103 1094 1033 1718 1059 1305 1645 1543 1037 1533 1849 1196 1476 1743 1165 1040 1888 1391 1754 1521 1132 1880 1679 1844 1406 1598 1487 1119 1413 1574 1711 1848 1749 1520 1348 1316 1867 1258 1620 1262 1479 1280 1653 1930 1262 1645 1117 1573 BCNSPRNW ULIB Ver.6.0+V

เปลี่ยนเป็นภาษาไทย

Change to English
 แสดงรายละเอียดบรรณานุกรม
  กลับหน้าหลัก

Brief Record : Get Marc (ISO 2709) : E-mail record : QR code < ปิดหน้าต่าง
LEADER : 00000nam 2200000uu 4500
001    13399129212
003     ULIB
008    260511s2025||||th 000 0 tha d
020    ^a9781394202355
060  4 ^aWY160^bL377T
100 1  ^aDuncan, Laura.
245 1  ^aThriving in mental health nursing^h[electronic resource] /^cLaura Duncan.
260    ^aHoboken, NJ :^bWiley,^c2025.
300    ^a1 online resource.
520 8  ^aMental Health Nursing is a rapidly changing and growing area of healthcare that can be challenging and dynamic to work within. This book aims to help Mental Health professionals consider their own skills, their development needs and wellbeing as well as exploring the latest clinical research within the field and what this means for the clients we care for and support. Through the use of discussion, vignettes and activity suggestions, this book aims to improve attitudes and understanding of healthcare professionals throughout their career from first embarking on a training course to being an experienced Mental Health Nurse.A&^770; A&^770; The majority of Mental Health Nursing books focus on clinical skills or are condition focussed. Many don t encompass the need to focus on the wellbeing of the Mental Health Professional within the same context. This text will provide a 360 view of what it means to be a Mental Health Nurse and how to be a resilient, positive and proactive professional. Ensuring our own wellbeing and resilience is crucial to providing excellent quality care and so within this book we will look at the key topics from all angles.
650  0 ^aMental health personnel.
650  0 ^aNursing.
650  0 ^aPsychiatric nursing.
856 4  ^a^zWiley Online Library^uhttp://onlinelibrary.wiley.com/book/10.1002/97813
999    ^aประนอม เกษจรัล
รายการนี้ยังไม่มีแท็ก
คุณยังไม่ได้ล็อกอิน คุณสามารถมีกิจกรรมร่วมกับเว็บไซต์ได้ แต่ต้องล็อกอินก่อน ::
  ล็อกอิน

รายการสื่อสารสนเทศ

ลำดับที่ ประเภท เลขเรียก/บาร์โค้ด สถานที่ สถานะ
1. Book การพยาบาล
หนังสือสำรอง
สถานะ=หนังสือสำรอง
WY160 L377T ฉ.1 
  Barcode: 012198
ห้องสมุดวิทยาเขตสวรรค์ประชารักษ์
►หนังสือทั่วไป
บนชั้น

รายการใกล้เคียง
    หัวเรื่อง [Nursing.]
    หัวเรื่อง [Psychiatric nursing.]

BibComment


ยังไม่เคยถูกคอมเมนท์

คอมเมนท์ทรัพยากรรายการนี้
  คอมเมนท์: Thriving in ment..


 Copyright 2026. Bcnsprnw @Library